| 000 | 00665nam a22001937a 4500 | ||
|---|---|---|---|
| 999 |
_c12340 _d12340 |
||
| 003 | AR-CdUCM | ||
| 008 | 190408b ||||| |||| 00| 0 spa d | ||
| 040 |
_aMUNICIPALIDAD PROVINCIAL DEL CUSCO _cBIBLIOTECA MUNICIPAL DEL CUSCO |
||
| 082 |
_23ed. _aES / 030 / _bB94 |
||
| 100 |
_aBurgos González, Jesús _930153 |
||
| 245 |
_aEnciclopedia de las Aficiones : _bTu Terraza y la Jardinería / |
||
| 260 |
_aMadrid : _bSantillana ; _c1965. |
||
| 300 |
_a88 páginas ; _bIlustraciones _c21cm |
||
| 505 | _aContenido: Arte -- Habilidades manuales | ||
| 650 |
_aHabilidades _928008 |
||
| 650 |
_aPasatiempos _930145 |
||
| 942 |
_2ddc _cLIBROS |
||
| 945 |
_anom _d2019-04-08 |
||